Statistics for Countries by a Single Word #6

Click here to take the quiz!

General Stats

  • This quiz has been taken 63 times
  • The average score is 9 of 20

Answer Stats

Country % Correct
AsunciónParaguay
81%
VolvoSweden
78%
O'zbekistonUzbekistan
74%
DubrovnikCroatia
74%
MaléMaldives
67%
AssadSyria
67%
RoseauDominica
55%
KalahariBotswana
55%
MelaniaSlovenia
55%
ApiaSamoa
55%
MarshalleseMarshall Islands
53%
StalinGeorgia
50%
TransnistriaMoldova
34%
SzczecinPoland
31%
Eto'oCameroon
26%
LouangphrabangLaos
24%
UyuniBolivia
16%
MurderHonduras
16%
KassamanAlgeria
3%
NgazidjaComoros
3%

Score Distribution

Percentile by Number Answered

Percent of People with Each Score

Your Score History

You have not taken this quiz